| 000 | 00000nam 2200000za 4500 |
| 001 | 9.832863 |
| 003 | CaOODSP |
| 005 | 20240527135430 |
| 007 | cr ||||||||||| |
| 008 | 170222t2017 onc o f000 0 eng d |
| 020 | |a978-0-660-07728-4 |
| 040 | |aCaOODSP|beng |
| 043 | |an-cn--- |
| 086 | 1 |aCW69-14/400-2017E-PDF |
| 245 | 00|aCOSEWIC assessment and status report on the Pink-footed Shearwater, Ardenna creatopus, in Canada |h[electronic resource]. |
| 246 | 15|aCOSEWIC status report on the Pink-footed Shearwater, Ardenna creatopus, in Canada |
| 260 | |aOttawa : |bEnvironment and Climate Change Canada, |c2017, c2016. |
| 300 | |axi, 43 p. : |bfigures. |
| 500 | |aIssued also in French under title: Évaluation et rapport de situation du COSEPAC sur le puffin à pieds roses, Ardenna creatopus, au Canada. |
| 500 | |aCover title. |
| 500 | |a"Endangered, 2016." |
| 500 | |a"COSEWIC acknowledges Louise Blight, Peter Hodum and Matt Fairbarns for writing the status report on Pink-footed Shearwater, Ardenna creatopus, in Canada, prepared with the financial support of Environment and Climate Change Canada." |
| 692 | 07|2gccst|aEndangered species |
| 692 | 07|2gccst|aNature conservation |
| 692 | 07|2gccst|aAquatic birds |
| 700 | 1 |aBlight, Louise K. |
| 700 | 1 |aHodum, Peter. |
| 700 | 1 |aFairbarns, Matthew. |
| 710 | 2 |aCommittee on the Status of Endangered Wildlife in Canada. |
| 710 | 2 |aCanadian Wildlife Service. |
| 710 | 1 |aCanada. |bEnvironment and Climate Change Canada. |
| 775 | 08|tÉvaluation et rapport de situation du COSEPAC sur le Puffin à pieds roses, Ardenna creatopus, au Canada |w(CaOODSP)9.832864 |
| 795 | |tCOSEWIC assessment and status report on the pink-footed shearwater, Puffinus creatopus, in Canada |w(CaOODSP)9.558992 |
| 856 | 40|qPDF|s936 KB|uhttps://publications.gc.ca/collections/collection_2017/eccc/CW69-14-400-2017-eng.pdf |